الوقف و التنمية في الأردن / (رقم التسجيلة. 41417)

تفاصيل مارك
000 -الفاتح
عناصر البيانات ثابتة الطول 00769cam a2200229 i 4500
005 - تاريخ ووقت آخر معاملة
حقل ضبط 20251211112327.0
008 - عناصر البيانات ثابتة الطول
عناصر البيانات ثابتة الطول 250721s2002 jo gr 000 0 ara d
020 ## - الترقيم الدولي المعياري للكتب (ردمك)
الترقيم الدولي المعياري للكتب (ردمك) 9957020862
082 14 - رقم تصنيف ديوي العشري
رقم التصنيف 216.39309565 / ح و ر
100 1# - مدخل رئيسي – اسم شخصي
الاسم الشخصي الحوراني، ياسرعبد الكريم
علاقة الشخص بالعمل/ دوره مؤلف.
245 12 - بيان العنوان
العنوان الوقف و التنمية في الأردن /
بيان المسؤولية د. ياسر عبد الكريم الحوراني.
250 ## - بيان الطبعة
بيان الطبعة الطبعة الاولى.
264 31 - بيانات النشر، التوزيع…إلخ
مكان النشر، التوزيع...إلخ عمان :
اسم الناشر، الموزع...إلخ دار مجدلاوي،
تاريخ النشر، التوزيع...إلخ 2002.
300 ## - الوصف المادي
عدد الوحدات المكونة للوعاء 206 صفحة.
650 17 - مدخل إضافي بالموضوع - مصطلح موضوعي
مصطلح موضوعي أو اسم جغرافي كعنصر مدخل الوقف.
650 17 - مدخل إضافي بالموضوع - مصطلح موضوعي
مصطلح موضوعي أو اسم جغرافي كعنصر مدخل الهبات.
650 17 - مدخل إضافي بالموضوع - مصطلح موضوعي
مصطلح موضوعي أو اسم جغرافي كعنصر مدخل الإسلام.
650 17 - مدخل إضافي بالموضوع - مصطلح موضوعي
مصطلح موضوعي أو اسم جغرافي كعنصر مدخل التنمية الإقتصادية.
650 17 - مدخل إضافي بالموضوع - مصطلح موضوعي
مصطلح موضوعي أو اسم جغرافي كعنصر مدخل الأردن.
942 ## - بيانات إضافية (كوها)
نوع التنصيف Dewey Decimal Classification
نوع المادة (كوها) كتب
المقتنيات
حالة السحب حالة الفقدان مصدر التصنيف حالة التلف غير قابل للإعارة المكتبة الرئيسية المكتبة الحالية موقع الرف تاريخ التزويد الرقم المتسلسل Total Checkouts رقم الإستدعاء تاريخ آخر ظهور تاريخ الفاتورة نوع المادة (كوها) الباركود العملة
    Dewey Decimal Classification Unchecked   المكتبة المركزية المكتبة المركزية الإعارة 06/07/2004 524873   216.39309565/حور 28/07/2025 06/07/2004 كتب    
    Dewey Decimal Classification     المكتبة المركزية المكتبة المركزية الإعارة 24/03/2015 1594545   216.39309565 / ح و ر 28/07/2025 24/03/2015 كتب PLD00318963  
    Dewey Decimal Classification     المكتبة المركزية المكتبة المركزية   11/12/2025 524872   216.39309565 / ح و ر 11/12/2025 11/12/2025 كتب 524872 JOD
    Dewey Decimal Classification   Not For Loan مكتبة تاريخ الأردن مكتبة تاريخ الأردن لا يعار 03/11/2009 1328774   216.39309565/حور 28/07/2025 03/11/2009 كتب PLD00116678  
    Dewey Decimal Classification     مكتبة حمزة العامة مكتبة حمزة العامة الإعارة 06/07/2004 524878   216.39309565/حور 28/07/2025 06/07/2004 كتب 524878  
    Dewey Decimal Classification     مكتبة صويلح العامة مكتبة صويلح العامة الإعارة 12/03/2020 524877   216.39309565/حور 28/07/2025 12/03/2020 كتب PLD00485902  
Implemented & Customized by: BBB with SCIT (Smart Chains for Information Technology)

Powered by Koha